Normal view MARC view
  • Muhammad Zubair Khan

Entry Personal Name

Number of records used in: 1

001 - CONTROL NUMBER

  • control field: 84881

003 - CONTROL NUMBER IDENTIFIER

  • control field: NUST

005 - DATE AND TIME OF LATEST TRANSACTION

  • control field: 20211122122139.0

008 - FIXED-LENGTH DATA ELEMENTS

  • fixed length control field: 211122|| aca||aabn | a|a d

040 ## - CATALOGING SOURCE

  • Original cataloging agency: NUST
  • Transcribing agency: NUST

100 ## - HEADING--PERSONAL NAME

  • Personal name: Muhammad Zubair Khan

670 ## - SOURCE DATA FOUND

  • Source citation: Work cat.: (NUST)577090: Muhammad Zubair Khan,, TH-SOF-1201-TOWARDS SERVICE EVALUATION AND RANKING MODEL FOR CLOUD INFRASTRUCTURE SELECTION, 2015
© 2023 Central Library, National University of Sciences and Technology. All Rights Reserved.